[Event "Quebec Montcalm op 7 2018-19"]
[Site "Quebec"]
[Date "2019.05.09"]
[Round "3"]
[White "Gagnon, Stephane"]
[Black "Auger, Bertrand"]
[Result "0-1"]
[WhiteElo "1629"]
[BlackElo "1925"]
[PlyCount "82"]
[EventDate "2019.04.25"]
[EventType "swiss"]
[EventRounds "5"]
[EventCountry "CAN"]
[SourceTitle "EXT 2022"]
[Source "ChessBase"]
[SourceDate "2021.10.06"]
[SourceVersion "1"]
[SourceVersionDate "2021.10.06"]
[SourceQuality "1"]

1. e4 e6 2. d4 d5 3. Nc3 dxe4 4. Nxe4 Bd7 5. Nf3 Bc6 6. Bd3 Nd7 7. Bg5 Be7 8. h4 h6 9. Bf4 Ngf6 10. Qe2 Nd5 11. Bd2 Nb4 12. a3 Nxd3+ 13. Qxd3 Nf6 14. Nxf6+ Bxf6 15. 0-0-0 Qd7 16. Rhe1 0-0-0 17. Bc3 Bxf3 18. Qxf3 Qd5 19. Qg3 Rd7 20. Kb1 Rhd8 21. f3 Qc4 22. Rd3 Rd5 23. b3 Qc6 24. Red1 Qd6 25. Qf2 Qxa3 26. b4 Qa6 27. Bb2 Qc4 28. Qd2 Rb5 29. Qe2 Rxb4 30. Qd2 Qb5 31. c4 Rxc4 32. Qe3 Rb4 33. Qf2 Rd5 34. R1d2 Qc4 35. Qe3 Ra5 36. Rc3 Qf1+ 37. Rc1 Qa6 38. Qc3 Ra1+ 39. Kc2 Rxc1+ 40. Kxc1 Rc4 41. Qxc4 Qxc4+ 0-1

[Event "Quebec Montcalm op 3 2018-19"]
[Site "Quebec"]
[Date "2018.11.15"]
[Round "1"]
[White "Gagnon, Stephane"]
[Black "Auger, Bertrand"]
[Result "1-0"]
[WhiteElo "1587"]
[BlackElo "1902"]
[PlyCount "137"]
[EventDate "2018.11.15"]
[EventType "swiss"]
[EventRounds "5"]
[EventCountry "CAN"]
[SourceTitle "EXT 2022"]
[Source "ChessBase"]
[SourceDate "2021.10.06"]
[SourceVersion "1"]
[SourceVersionDate "2021.10.06"]
[SourceQuality "1"]

1. e4 e6 2. d4 d5 3. Nc3 dxe4 4. Nxe4 Bd7 5. c4 Bc6 6. Nc3 Nf6 7. Bg5 Be7 8. Nf3 h6 9. Bh4 Ne4 10. Bxe7 Qxe7 11. Qc2 Nxc3 12. Qxc3 Nd7 13. Be2 0-0 14. 0-0 Rfd8 15. Rfe1 Qf6 16. Rad1 Ba4 17. b3 Bc6 18. Qe3 b6 19. a3 Bb7 20. Nd2 Nf8 21. Ne4 Qe7 22. b4 Ng6 23. Bd3 a5 24. Ng3 Qf6 25. Be4 Bxe4 26. Qxe4 axb4 27. axb4 Ra2 28. Ne2 Nh4 29. Ra1 Rxa1 30. Rxa1 c5 31. bxc5 bxc5 32. Rd1 cxd4 33. Rxd4 Nf5 34. Rxd8+ Qxd8 35. Qc2 h5 36. g3 Qa8 37. c5 Qc6 38. Qc3 h4 39. g4 Ne7 40. Qa5 Nc8 41. Qd8+ Kh7 42. Qxh4+ Kg8 43. Qd8+ Kh7 44. Qd4 f6 45. Qd3+ Kg8 46. Nf4 Qxc5 47. Nxe6 Qc1+ 48. Qf1 Qxf1+ 49. Kxf1 g5 50. Ke2 Kf7 51. Nd4 Ne7 52. Nf5 Nd5 53. h4 gxh4 54. Nxh4 Ke6 55. Kf3 Ne7 56. Ke4 Nd5 57. f4 Nc3+ 58. Kd3 Nd5 59. Ke4 Nc3+ 60. Kf3 Nd5 61. Ng2 Kd6 62. Kg3 Ke6 63. Kh4 f5 64. g5 Kf7 65. Kh5 Kg7 66. g6 Kf6 67. Kh6 Nc7 68. g7 Kf7 69. Kh7 1-0

[Event "Montcalm I 2015-16"]
[Site "Quebec"]
[Date "2015.09.10"]
[Round "1"]
[White "Dube, Daniel"]
[Black "Gagnon, Stephane"]
[Result "1-0"]
[WhiteElo "1943"]
[BlackElo "1526"]
[PlyCount "55"]
[EventDate "2015.09.10"]
[EventType "tourn"]
[EventRounds "5"]
[EventCountry "CAN"]
[SourceTitle "EXT 2019"]
[Source "ChessBase"]
[SourceDate "2018.10.10"]
[SourceVersion "1"]
[SourceVersionDate "2018.10.10"]
[SourceQuality "1"]

1. d4 Nf6 2. c4 e5 3. dxe5 Ng4 4. Nf3 Nc6 5. Bf4 Bc5 6. e3 Qe7 7. Be2 Ngxe5 8. Nxe5 Nxe5 9. 0-0 d6 10. Nc3 c6 11. a3 Be6 12. b4 Bb6 13. c5 dxc5 14. Bxe5 Rd8 15. Qc2 cxb4 16. axb4 Bb3 17. Qe4 0-0 18. Ra3 Rfe8 19. Rxb3 Qxe5 20. Qxe5 Rxe5 21. Rd1 Rde8 22. Na4 Bc7 23. Rd7 R5e7 24. Rbd3 b6 25. Bf3 c5 26. bxc5 b5 27. Nb2 Be5 28. Rxe7 1-0

[Event "Quebec Montcalm op 5th"]
[Site "Quebec"]
[Date "2005.??.??"]
[Round "1"]
[White "Lemieux, Pierre"]
[Black "Gagnon, Stephane"]
[Result "1-0"]
[WhiteElo "1871"]
[BlackElo "1435"]
[PlyCount "37"]
[EventDate "2005.??.??"]
[EventType "swiss"]
[EventRounds "5"]
[EventCountry "CAN"]
[SourceTitle "EXT 2006"]
[Source "ChessBase"]
[SourceDate "2005.11.24"]
[SourceVersion "1"]
[SourceVersionDate "2005.11.24"]
[SourceQuality "1"]

1. d4 Nf6 2. Nf3 e6 3. Bf4 c5 4. c3 Qb6 5. Qb3 Qa5 6. e3 cxd4 7. exd4 Qf5 8. Bg3 b6 9. Qa4 Bb7 10. Nbd2 h6 11. Be2 a6 12. 0-0 Be7 13. Qb3 Bd8 14. Nc4 0-0 15. Nd6 Qd5 16. c4 Qc6 17. d5 exd5 18. cxd5 Nxd5 19. Rac1 1-0